| 000 | 00597nam a2200181 a 4500 | ||
|---|---|---|---|
| 005 | 20140412111318.0 | ||
| 008 | 000823s19uu xx 00 eng d | ||
| 020 | _a0-06-443322-6 | ||
| 050 |
_aTR(PS E _bLi68 1991 |
||
| 100 | _aShowers, Paul | ||
| 245 |
_aListening walk (The) / _cby Paul Showers ; illustrated by ALIKI. |
||
| 260 |
_bHarperCollins Publishers, _c1991. |
||
| 300 | _a1 v. (unp.) ; ill. | ||
| 520 | _aA little girl and her father take a quiet walk and identify the sounds areound them. | ||
| 650 | _aSound-Fiction | ||
| 650 | _aFathers and daughters-Fiction | ||
| 999 |
_c104298 _d104298 |
||